01035nab a22002177a 450000500170000000800410001704000250005804100080008304400070009111000550009824500320015326000810018530000420026650501720030865000500048065000590053065000680058977301270065794200160078499900170080020150810134638.0150806b1982 ck |||||r|||| 00| 0 spa d aCO-BoIAVHcCO-BoIAVH0 aspa ack1 aUniversidad del Tolimab, Grupo ecológico9367101 aAquí, San Andrés S.O.S.3 aIbagué (Colombia):bCentro de publicaciones Universidad del Tolima,c1982. aVol.6, Nro. 63, Año 1982, Pag. 1-2. aImpacto sobre la ecoestructura natural. Impacto sobre la ecoestructura social. Una sociedad al margen de la ley. Hacia el futuro: Ecodesarrollo y gestión ambiental. 6aEcodesarrollozSan Andrés (Colombia)936711 6aEcologíaxEstructurazSan Andrés (Colombia)936712 6aEcologíaxEstructuraxImpactozSan Andrés (Colombia)9367130 aUniversidad del TolimadIbagué (Colombia): Centro de publicaciones de la Universidad del Tolima, 1977-.tSOS ecológico 2zcARTICULO c17659d17659